Muslim Response to Western Education (Record no. 10363)

MARC details
000 -LEADER
fixed length control field 00697nam a2200253 a 4500
020 ## - INTERNATIONAL STANDARD BOOK NUMBER
ISBN 817169X
082 00 - DEWEY DECIMAL CLASSIFICATION NUMBER
Classification number 297.197
Author Cutter HAS
100 ## - MAIN ENTRY--AUTHOR NAME
Author name Hashmi, Masroor
245 ## - TITLE STATEMENT
Title Muslim Response to Western Education
Sub title Study of Four Pioneer Institutions
260 ## - PUBLICATION, DISTRIBUTION, ETC. (IMPRINT)
Place of publication Delhi
Name of publisher Commenwealth Pub
Year of publication 1989
300 ## - PHYSICAL DESCRIPTION
Number of Pages 208p
500 ## - GENERAL NOTE
General note includes index and biblioraphy
505 2# - FORMATTED CONTENTS NOTE
Formatted contents note Bibliography, Index
650 ## - SUBJECT ADDED ENTRY--TOPICAL TERM
Topical Term Islam-Religious Institutes
650 ## - SUBJECT ADDED ENTRY--TOPICAL TERM
Topical Term Muslims-20th Century
942 ## - ADDED ENTRY ELEMENTS (KOHA)
Koha item type Books
700 1# -
-- Hashmi, Masroor
Holdings
Collection code Home library Current library Date acquired Cost, normal purchase price Full call number Accession Number Koha item type
  Henry Martyn Institute Library Henry Martyn Institute Library 08/08/2007 250.00 297.197 HAS 018038 Books
                   Copyright © 2026 | Henry Martyn Institute | Hyderabad | TS-500052 | INDIA | Implemented by hmi.edu.in
Hit-Count:

Powered by Koha